000 00589nam a22001937a 4500
003 OSt
005 20260116035142.0
008 260116b |||||||| |||| 00| 0 eng d
020 _a971-23-4505-X.
040 _aDWCL-Main lib
_cOC
082 _aFil. 100 P123p 2006
100 _aPadilla, Reynaldo A.
245 _aPhilosophy of man for nursing
_cPadilla, Reynaldo A.
260 _aManila :
_bRex Book Store, Inc.,
_cc2006.
300 _axvii, 202 pages ;
_c22 cm.
504 _aIncludes bibliographical references and index.
650 _21. Philosophy.
942 _2ddc
_cBK - FIL
_kFil.
_n0
999 _c7492
_d7492